[Event "Karposh Open 2015"]
[Site "Skopje MKD"]
[Date "2015.03.31"]
[Round "6.33"]
[White "Arsovic, Goran"]
[Black "Miladinovic, Lena"]
[Result "1/2-1/2"]
[WhiteElo "2412"]
[BlackElo "2190"]
[PlyCount "31"]
[EventDate "2015.03.27"]
[EventType "swiss"]
[EventRounds "9"]
[EventCountry "MKD"]
[Source "lmi"]
[SourceDate "2015.03.27"]

1. d4 Nf6 2. Bg5 Ne4 3. Bf4 d5 4. Nd2 Nxd2 5. Qxd2 Bf5 6. e3 e6 7. Bd3 Bxd3 8.
Qxd3 Nc6 9. Nf3 Bd6 10. Bxd6 cxd6 11. O-O O-O 12. c4 dxc4 13. Qxc4 d5 14. Qb5
Qb6 15. Qxb6 axb6 16. a3 1/2-1/2

[Event "Karposh Open 2015"]
[Site "Skopje MKD"]
[Date "2015.03.31"]
[Round "6.34"]
[White "Radovanovic, Nikola"]
[Black "Dogan, Nazmi Can"]
[Result "1-0"]
[WhiteElo "2399"]
[BlackElo "2135"]
[PlyCount "101"]
[EventDate "2015.03.27"]
[EventType "swiss"]
[EventRounds "9"]
[EventCountry "MKD"]
[Source "lmi"]
[SourceDate "2015.03.27"]

1. d4 Nf6 2. c4 g6 3. Nc3 Bg7 4. e4 d6 5. Be2 O-O 6. Bg5 c5 7. d5 a6 8. a4 Qa5
9. f3 e6 10. Ra3 exd5 11. cxd5 Re8 12. Qd2 Qc7 13. Be3 h5 14. a5 Nh7 15. Bd3
Nd7 16. Nh3 Ne5 17. Nf2 Nxd3+ 18. Nxd3 Bd7 19. O-O f5 20. Bh6 Bd4+ 21. Kh1 Qd8
22. Bf4 Qf6 23. Re1 c4 24. Nf2 Bxf2 25. Qxf2 fxe4 26. fxe4 Rf8 27. Rf1 g5 28.
Be3 Qe5 29. Qg1 Rf6 30. Raa1 Raf8 31. Rfe1 R6f7 32. Bd4 Qf4 33. e5 dxe5 34.
Bxe5 Qf5 35. Bd6 Re8 36. Rxe8+ Bxe8 37. Re1 Bd7 38. Bc5 h4 39. h3 g4 40. hxg4
Qxg4 41. Re4 Qh5 42. Qe1 Nf6 43. Rxh4 Qg6 44. Bd4 Nh5 45. Qe5 Rh7 46. Kg1 Rg7
47. Qb8+ Kf7 48. Bxg7 Nxg7 49. Ne4 Nf5 50. Rh8 Qg7 51. Ng5+ 1-0

[Event "Karposh Open 2015"]
[Site "Skopje MKD"]
[Date "2015.03.31"]
[Round "6.35"]
[White "Kerigan, Demre"]
[Black "Glavinac, Goran"]
[Result "1-0"]
[WhiteElo "2397"]
[BlackElo "2166"]
[PlyCount "59"]
[EventDate "2015.03.27"]
[EventType "swiss"]
[EventRounds "9"]
[EventCountry "MKD"]
[Source "lmi"]
[SourceDate "2015.03.27"]

1. e4 e5 2. d4 exd4 3. c3 d5 4. exd5 Qxd5 5. cxd4 Nc6 6. Nf3 Bg4 7. Be2 Nf6 8.
O-O Be7 9. Nc3 Qd8 10. d5 Bxf3 11. Bxf3 Ne5 12. Bf4 Nxf3+ 13. Qxf3 O-O 14. Rad1
Ne8 15. d6 Nxd6 16. Nd5 Qd7 17. Qh3 Rfd8 18. Rfe1 Bf8 19. Qc3 c6 20. Ne3 Qe6
21. Qa5 b6 22. Qa6 Qf6 23. g3 Nb5 24. Qb7 g5 25. Ng4 Qf5 26. Rxd8 Rxd8 27. Re5
Qb1+ 28. Kg2 Rd1 29. Rxg5+ Kh8 30. Be5+ 1-0

[Event "Karposh Open 2015"]
[Site "Skopje MKD"]
[Date "2015.03.31"]
[Round "6.36"]
[White "Musat, Adrian"]
[Black "Baglan, Esat"]
[Result "1-0"]
[WhiteElo "2394"]
[BlackElo "2134"]
[PlyCount "78"]
[EventDate "2015.03.27"]
[EventType "swiss"]
[EventRounds "9"]
[EventCountry "MKD"]
[Source "lmi"]
[SourceDate "2015.03.27"]

1. d4 d5 2. c4 c6 3. cxd5 cxd5 4. Nc3 Nf6 5. Bf4 Nc6 6. e3 e6 7. Bd3 Bd6 8.
Bxd6 Qxd6 9. f4 a6 10. Nf3 Ng4 11. Qe2 f5 12. O-O Bd7 13. Ne5 Nf6 14. Rac1 O-O
15. Rf3 Ne4 16. Rh3 Nxe5 17. fxe5 Qe7 18. Qh5 g6 19. Qh6 Rac8 20. Bxe4 fxe4 21.
Rg3 Bb5 22. h4 Rf5 23. h5 Qg7 24. Qxg7+ Kxg7 25. hxg6 hxg6 26. Rh3 Bd3 27. Kh2
Rf2 28. Kg3 Rf1 29. Rxf1 Bxf1 30. Rh1 Bd3 31. Na4 b6 32. Nxb6 Rc2 33. Nd7 Re2
34. Nc5 Rxe3+ 35. Kf4 Re2 36. g4 Rf2+ 37. Kg5 Bc2 38. Nxe6+ Kg8 39. Nf4 e3 1-0

[Event "Karposh Open 2015"]
[Site "Skopje MKD"]
[Date "2015.03.31"]
[Round "6.37"]
[White "Giannoulakis, Labros"]
[Black "Nikolov, Sasho"]
[Result "1/2-1/2"]
[WhiteElo "2217"]
[BlackElo "2355"]
[PlyCount "140"]
[EventDate "2015.03.27"]
[EventType "swiss"]
[EventRounds "9"]
[EventCountry "MKD"]
[Source "lmi"]
[SourceDate "2015.03.27"]

1. d4 g6 2. c4 Bg7 3. e4 d6 4. Ne2 e5 5. d5 Nd7 6. Nbc3 a5 7. Be3 Bh6 8. Bxh6
Nxh6 9. Qd2 Ng4 10. f3 Ngf6 11. O-O-O Nc5 12. Kb1 Bd7 13. Nc1 Nh5 14. g3 O-O
15. Nd3 b6 16. Be2 f5 17. Nxc5 bxc5 18. Bd3 fxe4 19. Bxe4 Qb8 20. Rhf1 Rf7 21.
Rf2 Qb4 22. Qe2 Re8 23. a3 Qb8 24. Qe3 Nf6 25. Rdd2 Nxe4 26. Nxe4 Bf5 27. Ka2
a4 28. Rd3 Qc8 29. Rc3 Kg7 30. Ng5 Rf6 31. Ne4 Bxe4 32. Qxe4 Qd7 33. Rd3 Rf5
34. Re3 Ref8 35. Rc3 Qf7 36. h4 h5 37. Re3 g5 38. hxg5 Rxg5 39. f4 Qg6 40. Rh2
Qxe4 41. Rxe4 Rxg3 42. fxe5 Rf1 43. e6 Rgg1 44. b4 Kf8 45. bxc5 dxc5 46. Ree2
Ra1+ 47. Kb2 Rgb1+ 48. Kc2 Rb3 49. Ref2+ Ke8 50. Rhg2 Ra2+ 51. Kc1 Rc3+ 52. Kb1
Rxf2 53. Rxf2 Rxc4 54. Rf5 h4 55. Rh5 Re4 56. Rh7 Kd8 57. Kc2 Rd4 58. Kc3 Rxd5
59. Rxh4 Ke7 60. Rxa4 Kxe6 61. Re4+ Kd6 62. Kc4 Rd1 63. Rh4 Kc6 64. Rh6+ Rd6
65. Rh4 Kb6 66. a4 Rd1 67. a5+ Kxa5 68. Kxc5 Rc1+ 69. Rc4 Rxc4+ 70. Kxc4 c5
1/2-1/2

[Event "Karposh Open 2015"]
[Site "Skopje MKD"]
[Date "2015.03.31"]
[Round "6.38"]
[White "Petrov, Georgi"]
[Black "Percivaldi, Martin"]
[Result "1-0"]
[WhiteElo "2174"]
[BlackElo "2344"]
[PlyCount "85"]
[EventDate "2015.03.27"]
[EventType "swiss"]
[EventRounds "9"]
[EventCountry "MKD"]
[Source "lmi"]
[SourceDate "2015.03.27"]

1. e4 c5 2. Nf3 e6 3. d4 cxd4 4. Nxd4 a6 5. Nd2 Qc7 6. Bd3 Nf6 7. O-O d6 8. c4
Be7 9. Qe2 Nbd7 10. b3 O-O 11. Bb2 Re8 12. Rae1 g6 13. Bb1 e5 14. Nc2 b5 15.
Ne3 bxc4 16. Ndxc4 Bb7 17. Rc1 Qb8 18. f3 Nc5 19. Rfd1 Ne6 20. g3 Rd8 21. Rd2
Qa7 22. Kg2 Rd7 23. Rcd1 Rad8 24. Bc3 Rc8 25. Bxe5 Nh5 26. Kh1 Rcd8 27. Bxd6
Bf6 28. Ng4 Bg7 29. Nge5 Rxd6 30. Rxd6 Rxd6 31. Rxd6 Bxe5 32. Nxe5 Qc5 33. Nc4
Qg5 34. Qe3 Qf6 35. e5 Qe7 36. Be4 Bxe4 37. Qxe4 Qg5 38. Qe3 Qe7 39. Rxa6 h6
40. Nd6 Qf8 41. Rc6 Kh7 42. Qa7 Nhg7 43. Rc8 1-0

[Event "Karposh Open 2015"]
[Site "Skopje MKD"]
[Date "2015.03.31"]
[Round "6.39"]
[White "Gantar, Jan"]
[Black "Maksimovic, Branimir"]
[Result "1/2-1/2"]
[WhiteElo "2162"]
[BlackElo "2339"]
[PlyCount "192"]
[EventDate "2015.03.27"]
[EventType "swiss"]
[EventRounds "9"]
[EventCountry "MKD"]
[Source "lmi"]
[SourceDate "2015.03.27"]

1. e4 e6 2. d4 d5 3. Nd2 Nf6 4. e5 Nfd7 5. c3 c5 6. Bd3 Nc6 7. Ne2 cxd4 8. cxd4
f6 9. Nf4 Nxd4 10. Qh5+ Ke7 11. exf6+ Nxf6 12. Ng6+ hxg6 13. Qxh8 Kf7 14. O-O
e5 15. Nf3 Nxf3+ 16. gxf3 Nh5 17. Bxg6+ Kxg6 18. Kh1 Qh4 19. Qxf8 Kh7 20. Qa3
Bh3 21. Rg1 Qxf2 22. Qe3 Qxe3 23. Bxe3 d4 24. Bd2 Re8 25. Rac1 Bf5 26. Rc5 b6
27. Rd5 Nf6 28. Rd6 Ne4 29. Rxg7+ Kxg7 30. fxe4 Bxe4+ 31. Kg1 Kf7 32. Bg5 Re6
33. Rd7+ Kg6 34. h4 Rc6 35. Rxa7 Bf5 36. b4 e4 37. b5 Rc2 38. Rb7 e3 39. Rxb6+
Kh5 40. Rc6 Rxa2 41. Rc4 Ra1+ 42. Kg2 Rd1 43. Bxe3 dxe3 44. Kf3 Re1 45. b6 e2
46. Kf2 Rb1 47. Kxe2 Rxb6 48. Kf3 Bg4+ 49. Kf4 Kxh4 50. Rc7 Rb4+ 51. Ke5 Kg3
52. Rc3+ Bf3 53. Ra3 Re4+ 54. Kd6 Kf4 55. Ra5 Rd4+ 56. Ke6 Bg4+ 57. Kf6 Rd6+
58. Ke7 Re6+ 59. Kd8 Bf5 60. Kc7 Re7+ 61. Kd6 Re6+ 62. Kc5 Re7 63. Kd6 Rd7+ 64.
Kc6 Rd2 65. Ra1 Be4+ 66. Kc5 Ke5 67. Rc1 Rd8 68. Kb4 Rb8+ 69. Kc3 Rb7 70. Ra1
Rc7+ 71. Kd2 Rc2+ 72. Ke3 Rc3+ 73. Kd2 Rd3+ 74. Ke2 Rd5 75. Ke3 Rb5 76. Ra3 Bb7
77. Rc3 Ra5 78. Rb3 Bd5 79. Rd3 Bc4 80. Rc3 Ra4 81. Kf3 Bd5+ 82. Ke3 Ra2 83.
Rd3 Rh2 84. Rd1 Be4 85. Ra1 Rh3+ 86. Kd2 Rh2+ 87. Ke3 Bd5 88. Ra4 Rc2 89. Ra3
Rh2 90. Rd3 Rh4 91. Kd2 Rh8 92. Rg3 Be4 93. Ke3 Ra8 94. Rg5+ Bf5 95. Rg2 Ra3+
96. Kf2 Kf4 1/2-1/2

[Event "Karposh Open 2015"]
[Site "Skopje MKD"]
[Date "2015.04.01"]
[Round "7.10"]
[White "Zelcic, Robert"]
[Black "Dourerassou, Jonathan"]
[Result "0-1"]
[WhiteElo "2553"]
[BlackElo "2438"]
[PlyCount "80"]
[EventDate "2015.03.27"]
[EventType "swiss"]
[EventRounds "9"]
[EventCountry "MKD"]
[Source "lmi"]
[SourceDate "2015.03.27"]

1. e4 c5 2. Nf3 Nc6 3. d4 cxd4 4. Nxd4 Nf6 5. Nc3 d6 6. Be2 Nxd4 7. Qxd4 g6 8.
Bg5 Bg7 9. O-O O-O 10. Qe3 Qa5 11. f4 Be6 12. f5 Bd7 13. Kh1 Bc6 14. Bc4 Rae8
15. Bb3 e6 16. Qg3 exf5 17. exf5 Nh5 18. Qh4 Bxc3 19. bxc3 Re4 20. Qf2 Rg4 21.
Bh6 Rxg2 22. Qxg2 Bxg2+ 23. Kxg2 Ng7 24. f6 Nf5 25. Bxf8 Kxf8 26. Rae1 Qxc3 27.
Re7 Qc6+ 28. Kg1 d5 29. Rxf5 gxf5 30. Re5 Qxf6 31. Rxd5 Qg5+ 32. Kf2 Qf4+ 33.
Kg2 Qe4+ 34. Kf2 Ke7 35. Rd3 Qc6 36. h3 Kf6 37. c3 Ke5 38. Bd1 Qb6+ 39. Ke1 Qb2
40. Re3+ Kf4 0-1

[Event "Karposh Open 2015"]
[Site "Skopje MKD"]
[Date "2015.04.01"]
[Round "7.11"]
[White "Drazic, Sinisa"]
[Black "Blagojevic, Dragisa"]
[Result "1/2-1/2"]
[WhiteElo "2439"]
[BlackElo "2522"]
[PlyCount "71"]
[EventDate "2015.03.27"]
[EventType "swiss"]
[EventRounds "9"]
[EventCountry "MKD"]
[Source "lmi"]
[SourceDate "2015.03.27"]

1. b3 d5 2. Bb2 Bg4 3. h3 Bh5 4. Qc1 c6 5. e3 Nd7 6. Be2 Bxe2 7. Nxe2 e5 8. d4
exd4 9. Nxd4 Ngf6 10. Nd2 Bc5 11. c4 O-O 12. O-O Re8 13. Qc2 Bf8 14. Rad1 Qc7
15. Rfe1 Rad8 16. a3 a6 17. cxd5 Nxd5 18. N2f3 f6 19. g3 Ne5 20. Nh2 Qc8 21.
Kg2 c5 22. Nf5 Qe6 23. e4 Nc7 24. Bxe5 Qxe5 25. Nf3 Qe6 26. a4 Rxd1 27. Qxd1 b5
28. Ne3 Qc6 29. Nd5 Rd8 30. axb5 axb5 31. Nb4 Rxd1 32. Nxc6 Rd3 33. Na5 Ne6 34.
h4 Kf7 35. e5 Be7 36. Nc6 1/2-1/2

[Event "Karposh Open 2015"]
[Site "Skopje MKD"]
[Date "2015.04.01"]
[Round "7.12"]
[White "Bogdanovski, Vlatko"]
[Black "Pancevski, Filip"]
[Result "1-0"]
[WhiteElo "2413"]
[BlackElo "2485"]
[PlyCount "87"]
[EventDate "2015.03.27"]
[EventType "swiss"]
[EventRounds "9"]
[EventCountry "MKD"]
[Source "lmi"]
[SourceDate "2015.03.27"]

1. d4 g6 2. e4 Bg7 3. Nf3 d6 4. c3 Nf6 5. Bd3 Nbd7 6. O-O e5 7. Re1 O-O 8. Nbd2
Re8 9. a4 a5 10. h3 b6 11. Bb5 Bb7 12. d5 Ra7 13. Nc4 Rf8 14. b4 axb4 15. cxb4
h6 16. Ra3 Qa8 17. Nfd2 Rd8 18. a5 bxa5 19. Nxa5 Rb8 20. Ree3 Bxd5 21. Bxd7
Nxd7 22. exd5 Qxd5 23. Nc6 Qxc6 24. Rxa7 Rxb4 25. Ba3 Rd4 26. Bb2 Rf4 27. g3
Rb4 28. Rc3 Nc5 29. Ba3 Rd4 30. Bxc5 dxc5 31. Qe2 Qd6 32. Rc2 c4 33. Nf3 Rd1+
34. Kg2 c3 35. Qe4 Qb6 36. Rb7 Qd6 37. Ra7 c5 38. h4 f5 39. Qe2 Rb1 40. Qc4+
Kh7 41. Rca2 e4 42. Ne5 Qxe5 43. Rxg7+ Qxg7 44. Qxc5 1-0

[Event "Karposh Open 2015"]
[Site "Skopje MKD"]
[Date "2015.04.01"]
[Round "7.13"]
[White "Koksal, Ege"]
[Black "Kosic, Dragan"]
[Result "1/2-1/2"]
[WhiteElo "2339"]
[BlackElo "2478"]
[PlyCount "79"]
[EventDate "2015.03.27"]
[EventType "swiss"]
[EventRounds "9"]
[EventCountry "MKD"]
[Source "lmi"]
[SourceDate "2015.03.27"]

1. d4 e6 2. c4 Bb4+ 3. Nc3 c5 4. Nf3 Nf6 5. g3 O-O 6. Bg2 Bxc3+ 7. bxc3 d6 8.
O-O Qe7 9. Bf4 Rd8 10. a4 Nc6 11. a5 e5 12. Bg5 h6 13. Bxf6 Qxf6 14. d5 Ne7 15.
e4 Ng6 16. Ne1 Re8 17. Nd3 Bd7 18. Qd2 Re7 19. Rae1 Rae8 20. Kh1 Bc8 21. Re3 b6
22. axb6 axb6 23. Rb1 Rb7 24. Ree1 Bd7 25. Rb2 Reb8 26. Reb1 Qd8 27. Bf3 Qg5
28. Qxg5 hxg5 29. Kg2 g4 30. Be2 Be8 31. Ne1 f6 32. Nc2 f5 33. Bd3 Kf7 34. Na3
Nf8 35. Nb5 Ke7 36. Na3 f4 37. Ra1 Kf6 38. h3 gxh3+ 39. Kxh3 Ng6 40. Kg2
1/2-1/2

[Event "Karposh Open 2015"]
[Site "Skopje MKD"]
[Date "2015.04.01"]
[Round "7.14"]
[White "Nedev, Trajko"]
[Black "Doncea, Vladimir"]
[Result "1/2-1/2"]
[WhiteElo "2470"]
[BlackElo "2421"]
[PlyCount "108"]
[EventDate "2015.03.27"]
[EventType "swiss"]
[EventRounds "9"]
[EventCountry "MKD"]
[Source "lmi"]
[SourceDate "2015.03.27"]

1. e4 e6 2. d4 d5 3. Nd2 c5 4. Ngf3 cxd4 5. exd5 Qxd5 6. Bc4 Qd6 7. O-O Nf6 8.
Nb3 Nc6 9. Nbxd4 Nxd4 10. Nxd4 a6 11. Re1 Qc7 12. Qe2 Bc5 13. c3 b5 14. Bd3 h6
15. a4 Bxd4 16. cxd4 b4 17. Bd2 a5 18. Rac1 Qd6 19. Qf3 Nd5 20. Rc6 Qxc6 21.
Bb5 Qxb5 22. axb5 O-O 23. Qg3 Kh7 24. Bf4 Bd7 25. Be5 g6 26. Qf3 f6 27. Bd6 Rf7
28. b6 Bc8 29. Bc5 Kg7 30. h4 h5 31. b3 Ra6 32. g4 hxg4 33. Qxg4 Kh6 34. Rxe6
a4 35. bxa4 b3 36. Qe2 Nf4 37. Qd2 Bxe6 38. Qxf4+ Kg7 39. d5 b2 40. Qb4 Rxa4
41. Qxb2 Rg4+ 42. Kf1 Bxd5 43. Bd4 Bc4+ 44. Ke1 Re7+ 45. Be3 Rd7 46. f3 Rxh4
47. b7 Rh1+ 48. Bg1 Rxg1+ 49. Kf2 Rgd1 50. b8=Q R7d2+ 51. Qxd2 Rxd2+ 52. Kg3
Bf7 53. Qc7 Rd5 54. f4 Rf5 1/2-1/2

[Event "Karposh Open 2015"]
[Site "Skopje MKD"]
[Date "2015.04.01"]
[Round "7.15"]
[White "Vocaturo, Daniele"]
[Black "Jacimovic, Dragoljub"]
[Result "1/2-1/2"]
[WhiteElo "2579"]
[BlackElo "2411"]
[PlyCount "40"]
[EventDate "2015.03.27"]
[EventType "swiss"]
[EventRounds "9"]
[EventCountry "MKD"]
[Source "lmi"]
[SourceDate "2015.03.27"]

1. e4 e6 2. d4 d5 3. Nc3 Bb4 4. e5 c5 5. a3 Bxc3+ 6. bxc3 Qa5 7. Bd2 Qa4 8. h4
Nc6 9. Nf3 b6 10. h5 Ba6 11. h6 Nxh6 12. Bxh6 Bxf1 13. Kxf1 gxh6 14. Rxh6 Qc4+
15. Qd3 Qxd3+ 16. cxd3 cxd4 17. cxd4 Rc8 18. Rc1 Kf8 19. Rh4 h6 20. g3 Ne7
1/2-1/2

[Event "Karposh Open 2015"]
[Site "Skopje MKD"]
[Date "2015.04.01"]
[Round "7.16"]
[White "Palac, Mladen"]
[Black "Enchev, Ivajlo"]
[Result "1/2-1/2"]
[WhiteElo "2581"]
[BlackElo "2395"]
[PlyCount "49"]
[EventDate "2015.03.27"]
[EventType "swiss"]
[EventRounds "9"]
[EventCountry "MKD"]
[Source "lmi"]
[SourceDate "2015.03.27"]

1. e4 d5 2. exd5 Qxd5 3. Nc3 Qd6 4. d4 Nf6 5. Nf3 Bg4 6. h3 Bh5 7. g4 Bg6 8.
Ne5 Nbd7 9. Nxg6 hxg6 10. Qf3 c6 11. Be3 Nb6 12. O-O-O Nbd5 13. Ne4 Nxe4 14.
Qxe4 e6 15. c4 Nxe3 16. fxe3 Be7 17. Qf3 O-O-O 18. Qxf7 Bg5 19. Qf3 Rhf8 20.
Qe4 Rf2 21. Bd3 Qxd4 22. Qxe6+ Kb8 23. Bc2 Qxe3+ 24. Qxe3 Bxe3+ 25. Kb1 1/2-1/2

[Event "Karposh Open 2015"]
[Site "Skopje MKD"]
[Date "2015.04.01"]
[Round "7.17"]
[White "Musat, Adrian"]
[Black "Pavlidis, Antonios"]
[Result "1-0"]
[WhiteElo "2394"]
[BlackElo "2539"]
[PlyCount "37"]
[EventDate "2015.03.27"]
[EventType "swiss"]
[EventRounds "9"]
[EventCountry "MKD"]
[Source "lmi"]
[SourceDate "2015.03.27"]

1. Nf3 Nf6 2. c4 g6 3. Nc3 Bg7 4. e4 d6 5. d4 O-O 6. Be2 e5 7. Be3 Qe8 8. dxe5
Ng4 9. Bg5 Nxe5 10. Nd4 Be6 11. Nxe6 Qxe6 12. Nd5 Na6 13. c5 dxc5 14. O-O c4
15. f4 Nd3 16. Bxd3 cxd3 17. Qxd3 Nc5 18. Qc4 Qxe4 19. Qxc5 1-0

[Event "Karposh Open 2015"]
[Site "Skopje MKD"]
[Date "2015.04.01"]
[Round "7.18"]
[White "Djukic, Nikola"]
[Black "Todorovic, Goran N"]
[Result "1-0"]
[WhiteElo "2529"]
[BlackElo "2388"]
[PlyCount "95"]
[EventDate "2015.03.27"]
[EventType "swiss"]
[EventRounds "9"]
[EventCountry "MKD"]
[Source "lmi"]
[SourceDate "2015.03.27"]

1. e4 e5 2. Nf3 Nc6 3. Bb5 Nf6 4. Nc3 Bb4 5. O-O O-O 6. d3 d6 7. Bg5 Bxc3 8.
bxc3 Qe7 9. Re1 Nd8 10. d4 Ne6 11. Bd2 c5 12. Rb1 Nc7 13. Bf1 h6 14. g3 b6 15.
Bg2 Bg4 16. h3 Bxf3 17. Qxf3 cxd4 18. cxd4 Ne6 19. c3 Rac8 20. Qd3 Qc7 21. Bf1
Rfd8 22. Rbc1 d5 23. exd5 Rxd5 24. Bg2 Rdd8 25. Qa6 exd4 26. cxd4 Qd7 27. Rxc8
Rxc8 28. Be3 Rd8 29. d5 Nxd5 30. Rd1 Ndc7 31. Rxd7 Nxa6 32. Rxa7 Nac5 33. Ra8
Rxa8 34. Bxa8 Kf8 35. Bd5 Nd7 36. f4 Ke7 37. Kf2 Kd6 38. Bc4 f6 39. Kf3 Nc7 40.
Ke4 b5 41. Bb3 g6 42. g4 Na6 43. Bf7 Nac5+ 44. Kd4 g5 45. Bd2 Nb8 46. Be8 Ne6+
47. Ke4 Ng7 48. Bb4+ 1-0

[Event "Karposh Open 2015"]
[Site "Skopje MKD"]
[Date "2015.04.01"]
[Round "7.19"]
[White "Kovacevic, Aleksandar"]
[Black "Codenotti, Marco"]
[Result "1-0"]
[WhiteElo "2517"]
[BlackElo "2385"]
[PlyCount "55"]
[EventDate "2015.03.27"]
[EventType "swiss"]
[EventRounds "9"]
[EventCountry "MKD"]
[Source "lmi"]
[SourceDate "2015.03.27"]

1. e4 e5 2. Nf3 Nc6 3. Bb5 Nf6 4. O-O Nxe4 5. d4 Nd6 6. Bxc6 dxc6 7. dxe5 Nf5
8. Qxd8+ Kxd8 9. Rd1+ Ke8 10. Nc3 Ne7 11. h3 Ng6 12. Ne2 Be7 13. b3 f6 14. Bb2
Kf7 15. exf6 gxf6 16. Ng3 c5 17. Re1 Bd7 18. Re3 Rhe8 19. Nh5 Bc6 20. Rae1 a5
21. a4 Rad8 22. c4 b6 23. Bc3 Bb7 24. Bxf6 Bxf6 25. Rxe8 Rxe8 26. Rxe8 Kxe8 27.
Nxf6+ Kf7 28. Nxh7 1-0

[Event "Karposh Open 2015"]
[Site "Skopje MKD"]
[Date "2015.04.01"]
[Round "7.20"]
[White "Akhmetov, Ayan"]
[Black "Mastrovasilis, Athanasios"]
[Result "1/2-1/2"]
[WhiteElo "2335"]
[BlackElo "2506"]
[PlyCount "169"]
[EventDate "2015.03.27"]
[EventType "swiss"]
[EventRounds "9"]
[EventCountry "MKD"]
[Source "lmi"]
[SourceDate "2015.03.27"]

1. e4 e5 2. Nc3 Nc6 3. g3 Bc5 4. Bg2 a6 5. Nge2 d6 6. O-O h5 7. h3 Be6 8. d3
Qd7 9. Kh2 O-O-O 10. Nd5 Bxd5 11. exd5 Nd4 12. Nxd4 Bxd4 13. c3 Ba7 14. Be3
Bxe3 15. fxe3 f5 16. e4 g6 17. d4 Nh6 18. dxe5 dxe5 19. c4 Qe7 20. Rc1 Qc5 21.
Qd2 h4 22. g4 fxg4 23. b4 g3+ 24. Kh1 Qe7 25. c5 Ng4 26. c6 Nf2+ 27. Kg1 Kb8
28. Qe2 Rhf8 29. cxb7 Rf6 30. Rc6 Rxc6 31. dxc6 Rd3 32. Qb2 Qd6 33. a4 Qxc6 34.
Qxe5 Qxb7 35. a5 Rd8 36. Qe7 Rc8 37. e5 Qa7 38. Qc5 c6 39. Qd6+ Qc7 40. Rc1 Rd8
41. Qxc7+ Kxc7 42. Rxc6+ Kb8 43. Kf1 Nd3 44. Rxa6 Rd4 45. b5 Nf4 46. Bf3 Rb4
47. Ra8+ Kc7 48. b6+ Kd7 49. Ra7+ Ke6 50. Ke1 Nd3+ 51. Ke2 Nxe5 52. b7 Rb2+ 53.
Ke3 Rb3+ 54. Ke4 Rb4+ 55. Ke3 Rb3+ 56. Ke4 Nxf3 57. Ra6+ Kd7 58. Rb6 Ng5+ 59.
Kd5 Rxb6 60. axb6 g2 61. b8=Q g1=Q 62. Qd6+ Ke8 63. Qxg6+ Ke7 64. Qd6+ Kf7 65.
Qc7+ Kf6 66. Qc6+ Kf7 67. Qc7+ Kf6 68. Qd6+ Kf7 69. Qc7+ Kg6 70. Qc6+ Kg7 71.
Qc3+ Kg6 72. Qc2+ Kh5 73. Qe2+ Kh6 74. Kc6 Qc1+ 75. Kd7 Qb1 76. Kc7 Qc1+ 77.
Kd7 Qc5 78. b7 Qd5+ 79. Kc8 Ne6 80. Qe3+ Kh7 81. Qb6 Qc4+ 82. Kd7 Nc5+ 83. Kd6
Nxb7+ 84. Qxb7+ Kh6 85. Qg2 1/2-1/2

[Event "Karposh Open 2015"]
[Site "Skopje MKD"]
[Date "2015.04.01"]
[Round "7.21"]
[White "Mazi, Leon"]
[Black "Leniart, Arkadiusz"]
[Result "1/2-1/2"]
[WhiteElo "2382"]
[BlackElo "2488"]
[PlyCount "76"]
[EventDate "2015.03.27"]
[EventType "swiss"]
[EventRounds "9"]
[EventCountry "MKD"]
[Source "lmi"]
[SourceDate "2015.03.27"]

1. e4 c5 2. Nf3 d6 3. d4 cxd4 4. Qxd4 a6 5. Be2 Nf6 6. O-O Nc6 7. Qe3 g6 8. h3
Bg7 9. Rd1 Qc7 10. c4 O-O 11. Nc3 e6 12. Rb1 Rd8 13. b3 Ne8 14. Bb2 Rb8 15.
Rbc1 Bd7 16. Nh2 Qa5 17. a3 Qc5 18. Qd3 Nd4 19. b4 Qg5 20. Bf1 b5 21. Nxb5 Nxb5
22. Bxg7 Kxg7 23. cxb5 Bxb5 24. Qc3+ Qf6 25. Qe3 h5 26. Nf3 e5 27. Nd2 Bxf1 28.
Nxf1 Qe7 29. Qd3 Qb7 30. Ne3 Nf6 31. Nd5 Rbc8 32. Rxc8 Qxc8 33. Qe3 Nxd5 34.
Rxd5 Qc4 35. Rd3 d5 36. exd5 Rxd5 37. Rxd5 Qxd5 38. a4 Qd1+ 1/2-1/2

[Event "Karposh Open 2015"]
[Site "Skopje MKD"]
[Date "2015.04.01"]
[Round "7.22"]
[White "Nikolovski, Nikola"]
[Black "Drenchev, Petar"]
[Result "1-0"]
[WhiteElo "2332"]
[BlackElo "2486"]
[PlyCount "67"]
[EventDate "2015.03.27"]
[EventType "swiss"]
[EventRounds "9"]
[EventCountry "MKD"]
[Source "lmi"]
[SourceDate "2015.03.27"]

1. e4 d5 2. exd5 Qxd5 3. Nf3 Nf6 4. d4 Bg4 5. Be2 Nc6 6. c4 Qf5 7. Be3 O-O-O 8.
O-O e5 9. d5 e4 10. Nd4 Nxd4 11. Bxd4 Bd6 12. Nc3 Bxe2 13. Qxe2 Rhe8 14. h3 a6
15. Rad1 Be5 16. Bxe5 Rxe5 17. Qe3 Kb8 18. Ne2 Qg5 19. Qb3 Nh5 20. Nd4 Nf4 21.
g3 Ka8 22. Kh2 Nh5 23. Rfe1 Rd6 24. c5 Rdxd5 25. c6 b6 26. Qa3 Ka7 27. Qf8 Qf6
28. Re2 Rxd4 29. Rxd4 Qxc6 30. Qxf7 Nf6 31. Rc4 Rc5 32. Rec2 Nd7 33. Rxc5 bxc5
34. Qxg7 1-0

[Event "Karposh Open 2015"]
[Site "Skopje MKD"]
[Date "2015.04.01"]
[Round "7.23"]
[White "Kuzmicz, Krystian"]
[Black "Vucinic, Gojko"]
[Result "1/2-1/2"]
[WhiteElo "2485"]
[BlackElo "2320"]
[PlyCount "56"]
[EventDate "2015.03.27"]
[EventType "swiss"]
[EventRounds "9"]
[EventCountry "MKD"]
[Source "lmi"]
[SourceDate "2015.03.27"]

1. c4 c5 2. g3 Nc6 3. Bg2 g6 4. Nc3 Bg7 5. Nf3 Nf6 6. O-O O-O 7. a3 d5 8. cxd5
Nxd5 9. Nxd5 Qxd5 10. d3 Bd7 11. Be3 Qd6 12. Rb1 Rac8 13. Qd2 a5 14. Rfc1 b6
15. Bh6 e5 16. Rc4 Bxh6 17. Qxh6 f6 18. Bh3 Rf7 19. Bxd7 Qxd7 20. Rbc1 Re8 21.
Qd2 Rfe7 22. Qd1 Nd4 23. e3 Nxf3+ 24. Qxf3 Qxd3 25. Qxf6 Rf7 26. Qxb6 Rxf2 27.
Kxf2 Rf8+ 28. Kg2 Qe2+ 1/2-1/2

[Event "Karposh Open 2015"]
[Site "Skopje MKD"]
[Date "2015.04.01"]
[Round "7.24"]
[White "Kanakaris, Georgios"]
[Black "Miron, Lucian-Costin"]
[Result "0-1"]
[WhiteElo "2291"]
[BlackElo "2485"]
[PlyCount "78"]
[EventDate "2015.03.27"]
[EventType "swiss"]
[EventRounds "9"]
[EventCountry "MKD"]
[Source "lmi"]
[SourceDate "2015.03.27"]

1. c4 Nf6 2. Nc3 c5 3. Nf3 d5 4. cxd5 Nxd5 5. g3 Nc6 6. Bg2 Nc7 7. O-O e5 8. d3
Be7 9. Be3 O-O 10. Rc1 Bd7 11. Nd2 Ne6 12. Nd5 Rc8 13. Ne4 b6 14. Nec3 Ned4 15.
Bd2 Be6 16. e3 Nf5 17. a3 Bd6 18. Qa4 Bb8 19. b4 Nce7 20. Nxe7+ Nxe7 21. bxc5
Rxc5 22. Ne4 Bd7 23. Qd1 Rxc1 24. Qxc1 Bb5 25. Qb2 Bxd3 26. Rc1 h6 27. Bc3 f5
28. Nd2 Ng6 29. Nf3 e4 30. Bxg7 Rf7 31. Bxh6 exf3 32. Bxf3 Ne5 33. Bg2 Be4 34.
Qe2 Bxg2 35. Kxg2 Ng4 36. Bf4 Bxf4 37. exf4 Nf6 38. Kg1 Kg7 39. h4 Qd4 0-1